|
|
|
|
| LEADER |
00000nab a2200000 a 4500 |
| 001 |
vtls000654610 |
| 003 |
SK-MaSNL |
| 005 |
20260302182637.0 |
| 008 |
160314c xo 0 slo |
| 015 |
|
|
|a SNBRA1998/04-09366
|
| 035 |
|
|
|a CLN000006803
|
| 040 |
|
|
|a SNKBUCL
|b slo
|c SNKBUCL
|e AACR2
|
| 041 |
0 |
|
|a slo
|
| 044 |
|
|
|a xo
|c SK
|
| 080 |
|
|
|a 82:929:885.4 (498)
|2 UDC-MRF-SK2
|
| 080 |
|
|
|a 885.4 (498):929
|2 UDC-MRF-SK2
|
| 100 |
1 |
|
|a Cabadaj, Peter,
|d 1966-
|4 aut
|9 98153
|
| 245 |
1 |
0 |
|a Ivan Miroslav Ambruš
|b osobnosti slovenskej dolnozemskej literatúry
|n 11
|c Peter Cabadaj
|
| 300 |
|
|
|b Fotogr.
|
| 600 |
1 |
7 |
|a Ambruš, Ivan Miroslav,
|d 1950-
|2 snkbucl
|9 24317
|
| 773 |
0 |
|
|x 0862-8823
|t Slovenské národné noviny
|g Roč. 9 (13), č. 14 (1998), s. 9
|
| 850 |
|
|
|a Slovenská národná knižnica v Martine
|
| 852 |
|
|
|a SNK
|b KIS3GCP
|
| 958 |
|
|
|a SK
|
| 958 |
|
|
|a RO
|
| 958 |
|
|
|a LX
|
| 958 |
|
|
|a RBX
|
| 999 |
|
|
|c 1418924
|d 1420854
|